| 000 | 00694nam a2200253Ia 4500 | ||
|---|---|---|---|
| 003 | OSt | ||
| 005 | 20220912150607.0 | ||
| 006 | a|||||r|||| 00| 0 | ||
| 007 | ta | ||
| 008 | 220909b |||||||| |||| 00| 0 eng d | ||
| 024 | _a57211 | ||
| 037 | _cTextual | ||
| 040 |
_aCSL _beng _cCSL |
||
| 041 | _aeng | ||
| 082 | _aH23541g, L9 | ||
| 100 | _aVan Olphen H V | ||
| 245 | 0 | _aData handbook for clay materials and REFs non-metallic minerals | |
| 260 |
_aOxford _bPergamon Press _c1989 |
||
| 300 |
_axiv, 345p. _ccm. |
||
| 650 | _aGeology | ||
| 700 | _a Fripiat J J Ed. | ||
| 942 |
_hH23541g, L9 _cTEXL _2CC |
||
| 999 |
_c50658 _d50658 |
||